| 000 | 02413cam a2200517 i 4500 | ||
|---|---|---|---|
| 999 |
_c200438743 _d56955 |
||
| 001 | 200438743 | ||
| 003 | TR-AnTOB | ||
| 005 | 20201002123720.0 | ||
| 007 | ta | ||
| 008 | 170126s2016 su a bc 001 0 ara d | ||
| 010 | _a 2016354067 | ||
| 035 | _a(OCoLC)ocn958088303 | ||
| 035 | _a(TR-AnTOB)200438743 | ||
| 040 |
_aCLU _beng _erda _cCLU _dOCLCO _dDLC _dTR-AnTOB |
||
| 041 | 0 | _aara | |
| 042 |
_alccopycat _alcode |
||
| 043 | _aa-tu--- | ||
| 050 | 0 | 0 |
_aZ6621.R1252 _bD84 2016 |
| 066 |
_c(3 _c(4 |
||
| 090 |
_aZ6621.R1252 _bD84 2016 |
||
| 100 | 1 |
_6880-01 _aDughaym, Maḥmūd Muḥammad al-Sayyid _ecreator _9128526 |
|
| 245 | 1 | 0 |
_6880-02 _aFihris al-makhṭūṭāt al-ʻArabīyah wa-al-Turkīyah wa-al-Fārisīyah fī Maktabah Rāghib Pāshā / _ciʻdād al-Duktūr Maḥmūd al-Sayyid al-Dughaym ; taqdīm ʻUmar Qūzgūn. |
| 246 | 1 |
_iTitle on page 4 of cover: _aRâgib Paşa Kütüphânesi el yazmalari kataloğu |
|
| 250 |
_6880-03 _aal-Ṭabʻah al-ūlá. |
||
| 264 | 1 |
_6880-04 _aJiddah : _bSaqīfat al-Ṣafā al-ʻIlmīyah, _c2016. |
|
| 300 |
_a10 volumes : _bcolor illustrations ; _c25 cm + _e1 CD-ROM (3 3/4 in.) |
||
| 336 |
_3Book _atext _2rdacontent |
||
| 336 |
_3CD _acomputer program _btxt _2rdacontent |
||
| 337 |
_3Book _aunmediated _2rdamedia |
||
| 337 |
_3CD _acomputer _bc _2rdamedia |
||
| 338 |
_3Book _avolume _2rdacarrier |
||
| 338 |
_3CD _acomputer disc _bcd _2rdacarrier |
||
| 504 | _aIncludes bibliographical references and indexes. | ||
| 590 | _aDonated by Türkiye Yazma Eserler Kurumu | ||
| 610 | 2 | 0 |
_aRâgib Paşa Kütüphânesi _vCatalogs _9128528 |
| 650 | 0 |
_aManuscripts, Arabic _zTurkey _zİstanbul _vCatalogs _9128523 |
|
| 650 | 0 |
_aManuscripts, Persian _zTurkey _zİstanbul _vCatalogs _9128524 |
|
| 650 | 0 |
_aManuscripts, Turkish _zTurkey _zİstanbul _vCatalogs _9128525 |
|
| 700 | 1 |
_aSeyitoğlu, Mahmud _ewriter of introduction _9128527 |
|
| 880 | 1 |
_6100-01/(3/r _aدغيم، محمود محمد السيد. |
|
| 880 | 1 | 0 |
_6245-02/(3/r _aفهرس المخطوطات العربية والتركية والفارسية في مكتبة راغب پاشا / _cاعداد الدكتور محمود السيد الدغيم ؛ تقديم عمر قوزگون. |
| 880 |
_6250-03/(3/r _aالطبعة الأولى. |
||
| 880 | 1 |
_6264-04/(3/r _aجدة : _bسقىفة الصفا العلمية، _c2016. |
|
| 942 |
_2lcc _cBK |
||